Základy informatiky
Gespeichert in:
| 1. Verfasser: | |
|---|---|
| Weitere Verfasser: | , |
| Format: | Buch |
| Sprache: | Slowakisch |
| Veröffentlicht: |
Bratislava
Vydavateľstvo Ekonóm
1998
|
| Schlagworte: | |
| Tags: |
Keine Tags, Fügen Sie das erste Tag hinzu!
|
MARC
| LEADER | 00000nam a2200000 4500 | ||
|---|---|---|---|
| 001 | c103066 | ||
| 005 | 20221128071946.3 | ||
| 020 | |a 80-225-1065-3 | ||
| 041 | 0 | |a slo | |
| 044 | |a SK | ||
| 245 | 1 | 0 | |a Základy informatiky |c Krajník, Ledvényi, Mozdík |
| 264 | 1 | |a Bratislava |b Vydavateľstvo Ekonóm |c 1998 | |
| 300 | |a 170 s. | ||
| 610 | 2 | 0 | |a informatika |
| 610 | 2 | 0 | |a počítače |
| 610 | 2 | 0 | |a systémy počítačové |
| 610 | 2 | 0 | |a hardvér |
| 610 | 2 | 0 | |a softvér |
| 610 | 2 | 0 | |a siete počítačové |
| 610 | 2 | 0 | |a systémy operačné |
| 610 | 2 | 0 | |a jazyky programovacie |
| 610 | 2 | 0 | |a pojmy |
| 610 | 2 | 0 | |a MS WINDOWS 95 |
| 610 | 2 | 0 | |a MS WORD 7.0 |
| 610 | 2 | 0 | |a MS EXCEL 7.0 |
| 100 | 1 | |a Krajník, Zdenko | |
| 700 | 1 | |a Ledvényi, Stanislav | |
| 700 | 1 | |a Mozdík, Peter | |